Hangman - Category: 6-Letter Movie Titles - Statistics

General Stats
  • This quiz has been taken 168 times
  • The average score is 3 of 6
Answer Stats
Spelling % Correct
A
100%
A
100%
A
100%
A
100%
A
100%
A
100%
A
100%
E
100%
E
100%
E
100%
N
100%
O
100%
R
100%
R
100%
A
89%
A
86%
O
86%
I
78%
E
75%
M
75%
S
71%
B
67%
I
67%
I
67%
R
67%
R
67%
T
67%
T
67%
O
64%
S
63%
G
57%
T
57%
P
45%
U
43%
R
40%
T
40%
V
40%
C
38%
R
38%
S
36%
B
33%
B
33%
C
33%
M
33%
R
33%
N
29%
P
29%
C
27%
H
27%
D
22%
U
22%
Y
18%
N
17%
G
14%
No matching quizzes found
Score Distribution
Percent of People with Each Score
Percentile by Number Answered
Your Score History
You have not taken this quiz